000 01246nam a2200301 a 4500
001 ebr10310797
003 CaPaEBR
006 m u
007 cr cn|||||||||
008 090917s2009 enka sb 101 0 eng d
020 _z9781845117627
040 _aCaPaEBR
_cCaPaEBR
035 _a(OCoLC)430226369
050 1 4 _aBP188.7
_b.S84 2009eb
245 0 0 _aSufism today
_h[electronic resource] :
_bheritage and tradition in the global community /
_cedited by Catharina Raudvere and Leif Stenberg.
260 _aLondon :
_bI.B. Tauris,
_c2009.
300 _aix, 259 p. :
_bill.
490 1 _aLibrary of modern religion ;
_v3
504 _aIncludes bibliographical references and index.
533 _aElectronic reproduction.
_bPalo Alto, Calif. :
_cebrary,
_d2013.
_nAvailable via World Wide Web.
_nAccess may be limited to ebrary affiliated libraries.
650 0 _aSufism
_xHistory
_y21st century
_vCongresses.
655 7 _aElectronic books.
_2local
700 1 _aRaudvere, Catharina.
700 1 _aStenberg, Leif,
_d1959-
710 2 _aebrary, Inc.
830 0 _aLibrary of modern religion ;
_v3.
856 4 0 _uhttp://site.ebrary.com/lib/rucke/Doc?id=10310797
_zAn electronic book accessible through the World Wide Web; click to view
999 _c175910
_d175910